00555nam a2200157Ia 4500999001500000020001500015082002000030245009400050250000800144260002600152300001400178650002700192710004000219942001200259952012600271 c9551d9551 a8185040303 aRR 331.259 WOR- 0aWorld employment report 1998-99: Employability in the global economy how training matters a2nd aDelhibBookwellc1999 axiii, 258 aEmploymentvStatistics aInternational labour office: Geneva cBK2ddc 001040708DaNASSDOCbNASSDOCd2016-08-22i2009-03-27l0oRR 331.259 WOR-pD000532r2019-04-18 00:00:00w2019-04-18yBK